Statistics for Subdivision to Country - Multiple Choice (Hard Edition)

Click here to take the quiz!

General Stats

  • This quiz has been taken 40 times
  • The average score is 8 of 15

Answer Stats

QuestionAnswer% Correct
TlaxcalaMexico
96%
Kafr-El Seikh GovernorateEgypt
68%
Delta AmacuroVenezuela
64%
ZadarCroatia
60%
Rivne OblastUkraine
60%
Nord-OuestHaiti
56%
NamurBelgium
52%
KosraeFed. States of Micronesia
52%
Khyber-PakhtunkhwaPakistan
52%
Benishagul-GumuzEthiopia
48%
Carazo DepartmentNicaragua
40%
BayelsaNigeria
40%
Vaupes DepartmentColombia
32%
LiquicaEast Timor
28%
MiskolcHungary
24%

Score Distribution

Percentile by Number Answered

Percent of People with Each Score

Your Score History

You have not taken this quiz